<?xml version="1.0" encoding="UTF-8"?>
<record
    xmlns:xsi="http://www.w3.org/2001/XMLSchema-instance"
    xsi:schemaLocation="http://www.loc.gov/MARC21/slim http://www.loc.gov/standards/marcxml/schema/MARC21slim.xsd"
    xmlns="http://www.loc.gov/MARC21/slim">

  <leader>01367nab a22002297a 4500</leader>
  <datafield tag="999" ind1=" " ind2=" ">
    <subfield code="c">5937</subfield>
    <subfield code="d">5937</subfield>
  </datafield>
  <controlfield tag="003">OSt</controlfield>
  <controlfield tag="005">20260114011522.0</controlfield>
  <controlfield tag="008">190605e        xxu||||| |||| 00| 0 spa d</controlfield>
  <datafield tag="040" ind1=" " ind2=" ">
    <subfield code="c">PJ</subfield>
  </datafield>
  <datafield tag="100" ind1=" " ind2=" ">
    <subfield code="9">6788</subfield>
    <subfield code="a">P&#xE9;rez, Emiliano A. </subfield>
  </datafield>
  <datafield tag="245" ind1="1" ind2="3">
    <subfield code="a">La "acefal&#xED;a sindical" a prop&#xF3;sito del fallo UPSRA de la Corte Suprema de Justicia de la Naci&#xF3;n /</subfield>
    <subfield code="c">Emiliano A. P&#xE9;rez. </subfield>
  </datafield>
  <datafield tag="260" ind1=" " ind2=" ">
    <subfield code="a">Ciudad Aut&#xF3;noma de Buenos Aires :</subfield>
    <subfield code="b">Thomson Reuters La Ley,</subfield>
    <subfield code="c">2024.</subfield>
  </datafield>
  <datafield tag="300" ind1=" " ind2=" ">
    <subfield code="a">p. 88-101</subfield>
  </datafield>
  <datafield tag="500" ind1=" " ind2=" ">
    <subfield code="a">Cita: TR LALEY AR/DOC/265/2024.

</subfield>
  </datafield>
  <datafield tag="505" ind1=" " ind2=" ">
    <subfield code="a">Sumario: I. El caso bajo comentario.&#x2014; II. Acefal&#xED;a. Concepto.&#x2014; III. &#xBF;Cu&#xE1;l es el supuesto legal que configura el estado de acefal&#xED;a sindical?&#x2014; IV. Est&#xE1;ndar de la Corte Al respecto.&#x2014; V. Situaci&#xF3;n legal de acefal&#xED;a. Diferenciaci&#xF3;n de supuestos.&#x2014; VI. El supuesto aut&#xF3;nomo de "vencimiento de mandato" y su eventual soluci&#xF3;n legal.&#x2014; VII. Las facultades administrativas, y el debido actuar.&#x2014; VIII. Conclusiones. </subfield>
  </datafield>
  <datafield tag="505" ind1=" " ind2=" ">
    <subfield code="t">&#xBF;Te interesa el texto completo? Solicitalo al correo: koha@justierradelfuego.gov.ar</subfield>
  </datafield>
  <datafield tag="650" ind1=" " ind2="0">
    <subfield code="9">1316</subfield>
    <subfield code="a">DERECHO LABORAL</subfield>
  </datafield>
  <datafield tag="650" ind1=" " ind2="0">
    <subfield code="9">1367</subfield>
    <subfield code="a">ASOCIACIONES SINDICALES</subfield>
  </datafield>
  <datafield tag="650" ind1=" " ind2="0">
    <subfield code="9">699</subfield>
    <subfield code="a">FALLOS DE LA CORTE SUPREMA</subfield>
  </datafield>
  <datafield tag="773" ind1="0" ind2=" ">
    <subfield code="0">2711</subfield>
    <subfield code="9">3168</subfield>
    <subfield code="d">Ciudad Aut&#xF3;noma de Buenos Aires : Thomson Reuters La Ley, 1999-2002.</subfield>
    <subfield code="t">Revista de derecho del trabajo. N&#xBA; 2 - Marzo 2024</subfield>
  </datafield>
  <datafield tag="942" ind1=" " ind2=" ">
    <subfield code="2">udc</subfield>
    <subfield code="c">ANA</subfield>
  </datafield>
</record>
